000 00362nam a2200145Ia 4500
008 210210b1976 xxu||||| |||| 00| 0 eng d
082 _a301 DEFS
100 _aDEFLEUR (Melvin L) & Others.
245 _aSociology: human society.
250 _a
260 _aEngland
_bScott, Foresman & Co.
_c1976
300 _axvi,640
690 _aSociology
906 _a040913
999 _c90919
_d90919